000 00799nam a2200217 i 4500
001 162708
003 ES-MaACL
005 20251114063123.0
008 000802s1879 sp |||| | cat d
040 _aCCPB | B
_bspa
_cCCPB | B
080 _a73
100 1 _aPuiggarí, José,
_d1821-1903
_9131424
245 1 0 _aGarlanda de joyells
_b: estudi e impressions de Barcelona monumental /
_cJoseph Puiggari.
260 _aBarcelona :
_b[s.n.],
_c1879 (
_fLa Renaixenca)
300 _a196 p. ;
_c19 cm.
596 _aImp. obtenido del prólogo.
650 4 _aMonumentos-
_zBarcelona.
_9159947
651 4 _aBarcelona (Provincia)-
_xDescripción.
_9153509
852 _aES-MaACL
_jT-722-F-1
_z- Enc. hol., conservando la enc. original
_z- Enc. en un vol. facticio
999 _c162708
_d162708